000 01112nam a2200265Ia 4500
999 _c38571
_d38571
001 4688
003 GE_BSU
005 20190730130121.0
008 181216s1996||||ge |||||||||||||| ||geo||
040 _cGE_BSU
041 _ageo
080 _a336.74 ა - 87
100 _aასათიანი, როზეტა
_9690
245 _aფული და ფულადი სისტემები :
_b სახელმძღვანელო /
_c როზეტა ასათიანი ; მეცნ. რედ. რევაზ გოგოხია
250 _aმეორე გადმუშავებული გამოცემა
264 _aთბილისი :
_bსიახლე ;
_c1996.
300 _a110 გვ. ;
_c20 სმ.
504 _aბიბლიოგრ : გვ.104–106
520 _aრეზ. რუს. ენა
541 _h1ლ.40 თ.
653 _aფულადი სისტემები
653 _aფული
700 _a გოგოხია, რევაზ
_eრედაქტორი
_93350
942 _cBK
_2udc